Digital marketing (Record no. 360068)

MARC details
000 -LEADER
fixed length control field 00476 a2200193 4500
005 - DATE & TIME
control field 20250509130224.0
008 - FIXED-LENGTH DATA ELEMENTS--GENERAL INFORMATION
fixed length control field 250509b |||||||| |||| 00| 0 eng d
020 ## - ISBN
International Standard Book Number 9781529742800
Price £ 48.99
040 ## - CATALOGING SOURCE
Original cataloging agency VIVEKANANDA LIBRARY
082 ## - DDC NUMBER
Classification number 658.872
Book Number H195D(2)
100 ## - MAIN ENTRY--PERSONAL NAME
Personal name Hanlon, Annmarie
245 ## - TITLE STATEMENT
Title Digital marketing
250 ## - EDITION STATEMENT
Edition statement 2nd
260 ## - PUBLICATION, DISTRIBUTION, ETC. (IMPRINT)
Name of publisher, distributor, etc Sage Publications
Date of publication, distribution, etc 2022
Place of publication, distribution, etc London
300 ## - PHYSICAL DESCRIPTION
Pages xvii, 454
650 ## - Subject
Subject Management
650 ## - Subject
Subject Digital Marketing
942 ## - ADDED ENTRY ELEMENTS (KOHA)
Koha item type Books
Holdings
Withdrawn status Lost status Source of classification or shelving scheme Damaged status Not for loan Location (home branch) Sublocation or collection (holding branch) Shelving location Date acquired Koha issues (times borrowed) Koha full call number Accession No. Koha date last seen Koha item type
    Dewey Decimal Classification     VIVEKANANDA LIBRARY VIVEKANANDA LIBRARY IMSAR Library 18/01/2025   658.872 H195D(2) 420526 18/01/2025 Books
© Designed and Maintained by Vivekananda Library, MDU Rohtak